000 00769nam a22002177a 4500
003 0
005 20250129103302.0
008 150923b xxu||||| |||| 00| 0 eng d
050 _aPGS LB 1049
_b.K49 2015
100 _aKim, Min Ju.
245 _aSocial media and study habits /
_cMin Ju Kim.
260 _aLas PiƱas City, Philippines :
_bSouthville International School and Colleges,
_c2015.
300 _a20 p. :
_bill. ;
_c28 cm.
_fPASS
504 _aIncludes bibliographical references.
650 _2Library of Congress Subject Headings
_aSocial media.
650 _2Library of Congress Subject Headings
_aStudy habits.
650 _aInternet and children.
650 _aEducational psychology.
650 _aSixth grade (Education).
942 _2lcc
_cPASS
999 _c288725
_d288725